| 000 | 00530nam a22001097a 4500 | ||
|---|---|---|---|
| 040 | _cDLC | ||
| 082 | _aFAO GUI 2009 C025 Or. | ||
| 245 | _aGUIDE FOR AVIAN INFLUENZA OUTBREAK INVESTIGATION AND EMERGENCY RESPONSE. សៀវភៅណែនាំស្តីពីការអង្កេតស្រាវជ្រាវការផ្ទុះជម្ងឺផ្តាសាយបក្សី និងការឆ្លើយតបបន្ទាន់ | ||
| 260 |
_aCAMBODIA _bPhnom Penh _c2009 |
||
| 300 | _a46P | ||
| 942 | _cAEDBB | ||
| 999 |
_c22411 _d22411 |
||